000 01381nam2a2200229 4500
001 rc\2898814
005 20260315053558.0
035 _a(NLR Aleph) 007050283
090 _a13590554
_c13590554
100 _a20110729d1929 u y0rusy50 ca
101 0 _arus
102 _aRU
105 _aa z |||||
200 1 _aПодвижные игры для школы 2-й ступени
_eС таблицей характеристики игр по их влиянию на растущий организм
210 _aМосква
_aЛенинград
_cГиз
_d1929
215 _a102, [1] с., 1 л. табл.
_cил., табл.
461 0 _1001rc\2898812
_12001#$aПодвижные игры$e(Для возраста 8-12 лет)$eС табл. их характеристики по влиянию на растущий организм. Ч. 1-2$fН. Филитис$vЧ. 2
_1700#1$aФилитис$bН.С.$gНиколай Степанович
_96183846
_aФилитис, Н.С.
_cМосква
_d1927
_e2-е изд., испр. и доп.
_fН. Филитис
_nЦКЖД "Гудок"
_o(Для возраста 8-12 лет) : С табл. их характеристики по влиянию на растущий организм. Ч. 1-2
_tПодвижные игры
_vЧ. 2
801 0 _aRU
_bNLR
_gpsbo
801 1 _aRU
_bELAR
_2rusmarc
852 _aNLR
_j40/3996
942 _cUNSPEC
980 _aNB